00278nam a2200109Ia 4500008004100000100002200041245003500063250000900098260003500107300000800142650001800150191201s2004 xx 000 0 und d aBOLLES, Rechard N 0aWhat Colour is Your Parachute? a1st. aN.DelhibTen Speed Pressc2004 a411 aGeneral Books